00893nam a22001817a 450000500170000000800400001702000180005705000220007511000130009724500640011025000120017426000420018630000330022849000240026150003100028565000530059565000630064820250324125443.0120327t mx ||||| |||| 00| 0 spa d a978607474071404aKGF4584bC66 20101 aMéxico00aCompilacion fiscal b : correlacionada y actualizable 2011. a18a ed. aMéxico :bDofiscal Editores, c2010 a1v (varias pág.) ;c20 cm.0 aTabletones Dofiscal aEn la portada: "Los títulos, indices, compilaciones, correlaciones, referencias, comentarios, ejemplos y sinopsis no forman parte del texto legal, son labor autoral propiedad de DOFISCAL EDITORES, S.A. de C.V." "La edición contiene las disposiciones legales conocidas hasta el 15 de diciembre de 2010" 72lembaImpuestosxLeyes y legislaciónzMéxico 72lembaFinanzas públicasxLeyes y legislaciónzMéxico